• 首页
  • 本馆介绍
  • 公告通知
  • 最新文献
  • 馆藏检索
  • 电子资源
  • 读者导购
  • 参考咨询
  • 我的图书馆
  • 登录
  • 详细信息显示
  • 放入我的书架
  • 预约/预借图书
  • 作者相关作品
  • 分类相关作品
  • 丛书相关作品
  • 出版社相关作品

书目信息

  • 表格格式
  • 工作单格式
  • 卡片格式
题名:
医事法学
    
 
作者: 刘鑫 著
分册:  
出版信息: 北京   中国人民大学出版社  2015
页数: 279页
开本: 26cm
丛书名:
单 册:
中图分类: D922.161
科图分类:
主题词: 卫生法--Wei Sheng Fa--法学--中国--高等学校--教材
电子资源:
ISBN: 978-7-300-20689-9
000 00813nam0 22002531 450
001 350309
005 20161008165412.96
010    @a978-7-300-20689-9@dCNY38.00
100    @a20150326d2015 em y0chiy50 ea
101 0  @achi
102    @aCN@b110000
105    @ay z 000yy
106    @ar
200 1  @a医事法学@AYi Shi Fa Xue@f刘鑫著
205    @a2版
210    @a北京@c中国人民大学出版社@d2015
215    @a279页@d26cm
300    @a21世纪中国高校法学系列教材
330    @a本书内容包括三部分:第一部分为医事法学的学科概述、第二部分为医事法学的基本理论、第三部分为医事法学相关纠纷的处理与解决。
606 0  @a卫生法@AWei Sheng Fa@x法学@y中国@x高等学校@j教材
690    @aD922.161@v5
701  0 @a刘鑫@ALiu Xin@c(卫生法)@4著
801  0 @aCN@bTANGWEI@c20160803
905    @b0889380-4@dD922.161@e1297=2@f5
    
    医事法学/刘鑫著 .-2版.-北京:中国人民大学出版社,2015
    279页;26cm
    21世纪中国高校法学系列教材
    
    ISBN 978-7-300-20689-9:CNY38.00
    本书内容包括三部分:第一部分为医事法学的学科概述、第二部分为医事法学的基本理论、第三部分为医事法学相关纠纷的处理与解决。
●
相关链接 在E读中查询图书 在五车中查询图书 在当当中查询图书 在豆瓣中查询图书


正题名:医事法学     索取号:D922.161/1297=2         预约/预借

序号 登录号 条形码 馆藏地/架位号 状态 备注
1 0889380   208893802   第一样本阅览室/ [索取号:D922.161/1297=2] 在馆    
2 0889381   208893811   第一借阅区/ [索取号:D922.161/1297=2] 在馆    
3 0889382   208893820   第一借阅区/ [索取号:D922.161/1297=2] 在馆    
4 0889383   208893839   第一借阅区/ [索取号:D922.161/1297=2] 在馆    
5 0889384   208893848   第一借阅区/ [索取号:D922.161/1297=2] 在馆    
唐山师范学院图书馆 欢迎您!
大连网信软件有限公司© 版权所有